| Поле | Инд. | ПП | Название | Значение |
|---|---|---|---|---|
| Тип записи | a | |||
| Библиографический уровень | a | |||
| 001 | Контрольный номер | ebc84bef79964cb8a68efbc0d1d7c828 | ||
| 005 | Дата корректировки | 20221213090025.8 | ||
| 020 | a | ISBN | 978-5-6043906-9-6 | |
| 040 | a | Служба первич. каталог. | НБ ТвГУ | |
| b | Код языка каталог. | rus | ||
| e | Правила каталог. | PSBO | ||
| 041 | 0_ | a | Код языка текста | rus |
| 097 | b | Оператор | Komarova.ES | |
| 100 | 1_ | a | Автор | Сухарев Олег Сергеевич |
| q | Полное имя | Сухарев О. С. | ||
| 245 | 12 | a | Заглавие | Ковидный" кризис и проблема запуска экономического роста в России |
| 260 | a | Место издания | Москва | |
| b | Издательство | ИПР РАН | ||
| 504 | a | Библиография | Библиогр.: с. 214-215 (12 назв.) | |
| 520 | 0_ | a | Аннотация | Статья посвящена ковидному кризису и проблеме запуска экономического роста в России. |
| 653 | 0_ | a | Ключевые слова | Пандемия |
| a | Ключевые слова | Экономический кризис | ||
| a | Ключевые слова | Политика | ||
| a | Ключевые слова | Валютный кризис | ||
| a | Ключевые слова | Структурный анализ экономической динамики | ||
| 773 | 18 | w | Контрольный № источника | 06e2df3e84824b38b59e42f92a56b81a |
| t | Название источника | Россия в XXI веке: глобальные вызовы и перспективы развития | ||
| d | Место и дата издания | Москва : ИПР РАН, 2020 | ||
| g | Прочая информация | С. 195-215 | ||
| 901 | t | Тип документа | a | |
| 920 | a | Оператор | Кома | |
| 954 | b | Дата поступления в ОК | 20221213 |